LEADER 00919nam0-22003011i-450- 001 990001330320403321 010 $a0-387-94064-2 035 $a000133032 035 $aFED01000133032 035 $a(Aleph)000133032FED01 035 $a000133032 100 $a20000920d1994----km-y0itay50------ba 101 0 $aeng 200 1 $aIterative solution of large sparse systems of equations$fWolfgang Hackbusch. 210 $aNew York$cSpringer-Verlag$dc1994. 215 $axvii, 429 p.$cill.$d24 cm 225 1 $aApplied mathematical sciences$v95 610 0 $aSistemi di equazioni$aSoluzioni numeriche 676 $a512.9434 700 1$aHackbusch,$bWolfgang$051792 801 0$aIT$bUNINA$gRICA$2UNIMARC 901 $aBK 912 $a990001330320403321 952 $aC-33-(95$b11651$fMA1 959 $aMA1 996 $aITERATIVE SOLUTION OF LARGE SPARSE SYSTEMS OF EQUATIONS$9315879 997 $aUNINA DB $aING01 LEADER 01149nam0 2200277 i 450 001 SUN0001267 005 20120222125251.891 010 $a06-7427-227-7 100 $a20071003d1982 |0engc50 ba 101 $aeng 102 $aUS 105 $a|||| ||||| 200 1 $aˆAn ‰evolutionary theory of economic change$fRichard R. Nelson and Sidney G. Winter 210 $aCambridge, Mass.$aLondon$cBelknap$d1982 215 $aXI, 437 p.$d24 cm. 620 $aUS$dCambridge $3SUNL000513 700 1$aNelson$b, Richard Robinson$3SUNV048294$0106425 701 1$aWinter$b, Sidney G.$3SUNV048295$0106426 712 $aBelknap$3SUNV006787$4650 801 $aIT$bSOL$c20181109$gRICA 856 4 $uhttp://books.google.it/books?id=6Kx7s_HXxrkC&printsec=frontcover&hl=it 912 $aSUN0001267 950 $aUFFICIO DI BIBLIOTECA DEL DIPARTIMENTO DI ECONOMIA$d03 CONS IIIAa8206 $e03 8206 995 $aUFFICIO DI BIBLIOTECA DEL DIPARTIMENTO DI ECONOMIA$bIT-CE0106$h8206$kCONS IIIAa8206$oc$qa 996 $aEvolutionary theory of economic change$965969 997 $aUNICAMPANIA LEADER 02490nam 2200577 a 450 001 9910777915503321 005 20230721022245.0 010 $a1-4416-1885-6 010 $a0-8389-9830-5 035 $a(CKB)1000000000785652 035 $a(EBL)474166 035 $a(OCoLC)505013132 035 $a(SSID)ssj0000103124 035 $a(PQKBManifestationID)11639303 035 $a(PQKBTitleCode)TC0000103124 035 $a(PQKBWorkID)10060825 035 $a(PQKB)10600417 035 $a(MiAaPQ)EBC474166 035 $a(Au-PeEL)EBL474166 035 $a(CaPaEBR)ebr10194660 035 $a(EXLCZ)991000000000785652 100 $a20061223d2007 uy 0 101 0 $aeng 135 $aur|n|---||||| 181 $ctxt 182 $cc 183 $acr 200 10$aAnalyzing library collection use with Excel$b[electronic resource] /$fTony Greiner and Bob Cooper 210 $aChicago $cAmerican Library Association$d2007 215 $a1 online resource (177 p.) 300 $aDescription based upon print version of record. 311 $a0-8389-0933-7 320 $aIncludes bibliographical references (p. 157-161) and index. 327 $aBooks are for use -- Excel basics -- Downloading data to Excel -- Cleaning up the data -- Determining the size and age of your collection -- Analyzing circulation -- Correlation and its uses -- The summary file -- Presenting your findings with color and graphs -- Management uses of Excel and future research. 330 $aIn this unique guide, two collection development experts show how to use Excel® to translate circulation and collection data into meaningful reports for making collection management decisions. Step-by-step instructions accompanied by screen shots allow anyone to use Excel® to quickly "crunch the numbers" that often bog down library use studies. 606 $aLibrary use studies 606 $aLibraries$xCirculation analysis$xData processing 606 $aCollection management (Libraries)$xData processing 615 0$aLibrary use studies. 615 0$aLibraries$xCirculation analysis$xData processing. 615 0$aCollection management (Libraries)$xData processing. 676 $a025.2/10285 700 $aGreiner$b Tony$01535256 701 $aCooper$b Bob$f1963-$01535257 801 0$bMiAaPQ 801 1$bMiAaPQ 801 2$bMiAaPQ 906 $aBOOK 912 $a9910777915503321 996 $aAnalyzing library collection use with Excel$93783372 997 $aUNINA